[Event "WSTCC-65 2020"]
[Site "Prague"]
[Date "2020.03.08"]
[Round "3.7"]
[White "Salov, Sergej"]
[Black "Lechtynsky, Jiri"]
[Result "1/2-1/2"]
[WhiteElo "2135"]
[BlackElo "2330"]
[Annotator "TA"]
[PlyCount "63"]
[EventDate "2020.03.06"]
[EventType "team-tourn"]
[EventCountry "CZE"]
[SourceTitle "playchess.com"]
[Source "ChessBase"]
[SourceQuality "1"]

{[%evp 18,63,41,41,54,47,56,24,40,0,0,-1,26,-4,-8,0,0,-14,0,-36,11,12,12,12,10,16,15,-13,-5,-5,-5,-6,-4,-6,8,6,6,-8,-7,0,0,-8,-8,-8,0,0,0,0]} 1. e4 c6 2. d4 d5 3. Nc3 dxe4 4. Nxe4 Nf6 5. Nxf6+ exf6 6. c3 Bd6 7. Bd3 O-O 8. Qc2 Re8+ 9. Ne2 g6 10. h4 Be6 {B15: Caro-Kann: 3 Nc3: 3...g6 and 3...dxe4 4 Nxe4 Nf6 5 Nxf6+ exf6.} 11. h5 {[%cal Rh5g6]} f5 $1 12. Bd2 Qf6 {White has an edge.} 13. hxg6 fxg6 14. c4 Nd7 15. O-O-O {[#]} Qf7 $146 ({Predecessor:} 15... Rab8 16. Nf4 Bf7 17. Nh3 Qxd4 18. Ng5 Nf8 19. Kb1 Be5 20. Rh3 b5 21. Nf3 Qxb2+ 22. Qxb2 Bxb2 23. cxb5 {0-1 (29) Kamali,M (2097)-Rauw,G (1902) Venlo 2008}) 16. Nf4 Bxf4 $1 17. Bxf4 b5 18. b3 {[%cal Bb2b3,Bb3c4,Bc4c5][%mdl 32]} ({Reject} 18. cxb5 cxb5 19. Bd6 Bxa2 $17) 18... bxc4 19. Bxc4 {The position is equal.} Bxc4 20. Qxc4 Qxc4+ 21. bxc4 Re4 22. Bd6 Nb6 23. c5 Nc4 {White should prevent ...Re2.} 24. Rhe1 Nxd6 25. cxd6 Rd8 26. Rxe4 fxe4 $11 {[%mdl 4096] Endgame KR-KR} 27. Re1 Rxd6 28. Rxe4 Kf7 29. f3 Rd5 30. Kc2 c5 31. dxc5 Rxc5+ 32. Kd3 {Accuracy: White = 81%, Black = 95%.} 1/2-1/2

[Event "WSTCC-65 2020"]
[Site "Prague"]
[Date "2020.03.08"]
[Round "3.8"]
[White "Spacek, Petr"]
[Black "Gruzmann, Boris"]
[Result "1/2-1/2"]
[WhiteElo "2333"]
[BlackElo "2206"]
[Annotator "TA"]
[PlyCount "75"]
[EventDate "2020.03.06"]
[EventType "team-tourn"]
[EventCountry "CZE"]
[SourceTitle "playchess.com"]
[Source "ChessBase"]
[SourceQuality "1"]

{[%evp 9,75,48,49,45,51,47,66,66,60,31,39,28,22,27,29,31,42,42,36,35,38,40,70,64,57,34,68,37,44,41,75,68,106,78,80,47,52,10,10,1,23,10,23,22,30,25,32,0,0,0,37,0,0,0,0,0,0,0,0,0,0,0,0,0,2,0,25,0]} 1. d4 Nf6 2. c4 d6 3. Nc3 Bf5 4. Nf3 h6 5. e3 Nbd7 6. Bd3 {A53: Old Indian Defence without Nf3.} Bxd3 7. Qxd3 e5 8. O-O {White is slightly better.} Be7 9. b3 O-O 10. Bb2 Re8 11. Rad1 {[#]} a6 $146 ({Predecessor:} 11... c6 12. Qf5 g6 13. Qc2 Qc7 14. d5 c5 15. e4 a6 16. a4 Nh5 17. Ne1 Bf8 {1-0 (63) Mezentsev,I (2351)-Tologontegin,S (2369) Almaty 2019}) 12. dxe5 Nxe5 13. Nxe5 dxe5 14. Qc2 Qc8 15. Nd5 $36 {[%mdl 2048] White has good play.} Bd8 16. Rd2 Nh7 17. Rfd1 Nf8 18. a3 Qe6 19. c5 f5 20. h3 Ng6 21. Qc4 Kh7 22. e4 {And now exf5 would win.} f4 $1 23. Nb4 {[#] Threatens to win with Qxe6.} (23. Kh2 {with more complications.} Nh4 24. Nb4 Qg6 25. Rg1 a5 26. Nd3) 23... Qxc4 24. bxc4 a5 25. Nd3 Bf6 26. Bc3 Red8 27. Rb1 Ra7 28. Rb5 a4 29. Kf1 Ne7 (29... c6 {is interesting.} 30. Rb1 Rd7 31. Rdd1 Nf8 32. f3 Kg8) 30. Ne1 Rxd2 31. Bxd2 Nc6 32. Bc3 g5 33. Nd3 Kg6 34. Ke2 Kf7 35. Rb1 Ke6 36. g3 Be7 37. Rb5 Bf8 38. Ke1 {Accuracy: White = 75%, Black = 82%.} 1/2-1/2

[Event "WSTCC-65 2020"]
[Site "Prague"]
[Date "2020.03.08"]
[Round "3.9"]
[White "Knaak, Rainer"]
[Black "Ogaard, Leif"]
[Result "1/2-1/2"]
[WhiteElo "2478"]
[BlackElo "2362"]
[Annotator "TA"]
[PlyCount "62"]
[EventDate "2020.03.06"]
[EventType "team-tourn"]
[EventCountry "CZE"]
[SourceTitle "playchess.com"]
[Source "ChessBase"]
[SourceQuality "1"]

{[%evp 16,62,9,8,15,0,0,0,0,0,7,0,0,-7,11,-11,-16,-10,0,-24,-23,-29,-13,-43,-28,-36,0,0,0,0,6,-33,-33,-123,-29,-52,-33,-47,-60,-64,-70,-106,-106,-106,0,0,0,0,1]} 1. d4 Nf6 2. c4 e6 3. Nc3 Bb4 4. e3 O-O 5. Bd2 b6 6. Bd3 Bb7 7. Nf3 Bxc3 8. Bxc3 Ne4 9. Rc1 d6 {E21: Nimzo-Indian: 4 Nf3.} 10. d5 Nxc3 11. Rxc3 Nd7 12. O-O e5 13. e4 a5 {[#]} 14. Nd2 $146 ({Predecessor:} 14. Bc2 Nc5 15. Qd2 Bc8 16. Qe3 Bg4 17. Nd2 Bd7 18. g3 Qe7 19. Kg2 c6 20. dxc6 Bxc6 {0-1 (28) Reich,T (2373)-Istratescu,A (2583) Aschach 2017}) 14... Qe7 15. g3 Nc5 16. Bc2 c6 17. dxc6 Bxc6 18. Re1 Qb7 19. f3 Rad8 20. Nf1 b5 21. cxb5 $1 Qxb5 22. Qc1 Ne6 23. Bb3 Nd4 24. Kg2 {[#]} (24. Bc4 $15 Qb7 25. Nd2) 24... d5 (24... Rb8 $1 $17 {White must now prevent ...a4.} 25. Ne3 Bd7) 25. Bxd5 Bxd5 26. exd5 Qxd5 27. b3 {[#]} a4 $1 {[%cal Ra4b3][%mdl 512]} 28. Qe3 (28. bxa4 Qxa2+) 28... axb3 29. axb3 Rb8 ({Black should play} 29... Rfe8 $17 30. Kh1 h6) 30. Qxe5 $11 Qxe5 31. Rxe5 Rxb3 {Accuracy: White = 74%, Black = 77%.} 1/2-1/2

[Event "WSTCC-65 2020"]
[Site "Prague"]
[Date "2020.03.08"]
[Round "3.10"]
[White "Heim, Sverre"]
[Black "Chevelevitch, Evgueni"]
[Result "1/2-1/2"]
[WhiteElo "2316"]
[BlackElo "2391"]
[Annotator "TA"]
[PlyCount "100"]
[EventDate "2020.03.06"]
[EventType "team-tourn"]
[EventCountry "CZE"]
[SourceTitle "playchess.com"]
[Source "ChessBase"]
[SourceQuality "1"]

{[%evp 19,100,26,22,21,23,24,34,38,41,30,21,22,20,6,34,32,47,33,55,35,30,29,39,9,11,18,41,45,27,41,29,18,20,0,66,21,23,38,44,23,32,44,47,31,48,16,93,15,20,19,17,21,5,0,0,-16,-43,-75,0,0,0,0,0,-7,0,0,0,0,14,14,14,14,14,14,20,8,12,8,8,8,14,14,14]} 1. e4 e5 2. Nf3 Nc6 3. Bb5 a6 4. Ba4 Nf6 5. O-O Be7 6. Re1 b5 7. Bb3 O-O 8. h3 Bb7 9. d3 d6 10. a3 Na5 {10...Qd7 might become the main line. Played by Liren Ding in March 2020.} 11. Ba2 {C88: Closed Ruy Lopez: Anti-Marshall Systems.} c5 12. Nbd2 Bc8 13. c3 {White is slightly better.} Nc6 14. Nf1 Be6 15. Bxe6 fxe6 16. Ng3 Qd7 17. b4 {[#]} Kh8 $146 ({Predecessor:} 17... cxb4 18. axb4 a5 19. bxa5 Rxa5 20. Rxa5 Nxa5 21. Bd2 Bd8 22. Qc2 Bc7 23. Qa2 h6 {½-½ (56) Leko,P (2720)-Beliavsky,A (2617) Porto Carras 2011}) 18. Bd2 d5 19. Qb1 Bd6 20. bxc5 Bxc5 21. Be3 Bxe3 22. Rxe3 Qd6 23. a4 Rab8 24. axb5 Rxb5 25. Qe1 d4 26. Re2 Rfb8 (26... Nd7 $11) 27. Kh2 R8b6 28. Rea2 a5 29. Nd2 Ra6 ({Don't play} 29... dxc3 $6 30. Nc4 $16) 30. Nc4 Qc5 31. Ne2 h6 32. Qc1 Rb3 (32... Nd7 $11 {remains equal.}) 33. Nd2 (33. cxd4 $16 exd4 34. Nxa5 Qxc1 35. Nxb3 {[%mdl 64] Discovered Attack} (35. Nxc1 Rc3 $16) 35... Qxa1 36. Rxa1 Rxa1 37. Nxa1) 33... Rb8 $11 34. cxd4 Qxc1 35. Rxc1 exd4 36. Nf3 e5 37. Rac2 Rbb6 38. Rc5 a4 (38... Nd7 $17 39. Rd5 Rb7) 39. Nxe5 {The position is equal.} Nxe5 40. Rxe5 a3 {[#] Strongly threatening ...a2.} 41. Ra1 Rb2 42. Nxd4 Rxf2 43. Rc5 Rd6 44. Rc2 Rxc2 45. Nxc2 {[#] e5 is the strong threat.} Rxd3 {KRN-KRN} 46. e5 Nd5 47. Rxa3 Rd2 48. Ne3 Nxe3 49. Rxe3 {next e6 is good for White.} Kg8 50. Kg3 Kf7 {Accuracy: White = 83%, Black = 87%.} 1/2-1/2

[Event "WSTCC-65 2020"]
[Site "Prague"]
[Date "2020.03.08"]
[Round "3.11"]
[White "Hort, Vlastimil"]
[Black "Moen, Ole Christian"]
[Result "1-0"]
[WhiteElo "2397"]
[BlackElo "2192"]
[Annotator "TA"]
[PlyCount "67"]
[EventDate "2020.03.06"]
[EventType "team-tourn"]
[EventCountry "CZE"]
[SourceTitle "playchess.com"]
[Source "ChessBase"]
[SourceQuality "1"]

{[%evp 10,67,50,46,47,39,31,2,0,2,28,34,28,6,16,8,4,-53,-18,-24,-33,-52,-55,-43,-44,-71,-55,-62,-56,-45,-70,-61,-45,-39,-1,-38,-20,-30,11,31,105,64,136,97,151,144,156,72,68,70,70,73,68,72,73,66,66,72,399,380]} 1. e4 e5 2. Nf3 Nc6 3. Bb5 a6 4. Ba4 d6 5. c3 Nf6 6. d4 b5 {C74: Ruy Lopez: Deferred Steinitz: 5 c3 f5.} ({But not} 6... Nxe4 $2 7. d5 $18) 7. Bb3 {Threatens to win with Ng5.} Bg4 8. d5 Na5 {The position is equal.} 9. Bc2 c5 {[#]} 10. Nbd2 $146 ({Predecessor:} 10. h3 Bd7 11. O-O Be7 12. a4 Qc8 13. axb5 axb5 14. b3 O-O 15. Be3 h6 16. Nbd2 {1-0 (33) Salai,L (2430)-Felcir,J (2195) Slovakia 1998}) 10... g6 11. a4 Bh6 12. b4 Nb7 13. Qe2 (13. h3 $11 Bd7 14. Rb1) 13... cxb4 14. cxb4 O-O 15. h3 Bd7 16. O-O Nh5 17. Nb1 Bxc1 18. Rxc1 Nf4 19. Qe3 a5 20. Nc3 bxa4 21. b5 $1 Nc5 22. Bxa4 Rc8 23. Bc2 a4 24. Kh2 Qb6 (24... Qa5 $14) 25. Rcb1 $16 Rb8 (25... f5 $14) 26. Bxa4 f5 (26... Qc7 $142) 27. Bc2 fxe4 28. Bxe4 (28. Nd2 $142) 28... Nxe4 29. Nxe4 Bf5 {[#] Hoping for ...Qxe3.} 30. Nfd2 Qxe3 31. fxe3 Nxd5 32. Rb3 Rb6 33. Ra6 Rd8 $2 {[%mdl 8192] [#]} (33... Bxe4 $16 34. Nxe4 Rfb8) 34. Nf6+ $1 {[%mdl 512] Accuracy: White = 70%, Black = 64%.} 1-0

[Event "WSTCC-65 2020"]
[Site "Prague"]
[Date "2020.03.08"]
[Round "3.12"]
[White "Kristiansen, Erling"]
[Black "Buchal, Stephan"]
[Result "0-1"]
[WhiteElo "2123"]
[BlackElo "2276"]
[Annotator "TA"]
[PlyCount "52"]
[EventDate "2020.03.06"]
[EventType "team-tourn"]
[EventCountry "CZE"]
[SourceTitle "playchess.com"]
[Source "ChessBase"]
[SourceQuality "1"]

{[%evp 16,52,33,42,35,17,36,14,20,8,22,20,21,16,13,-22,-15,-43,-44,-34,-33,-42,-27,-47,-14,-45,0,-21,0,-35,-41,-28,-28,-40,-27,-34,-48,-516,-508]} 1. d4 d6 2. Nf3 g6 3. g3 Bg7 4. Bg2 Nf6 5. c4 O-O 6. Nc3 Nc6 7. O-O e5 8. d5 Nb8 $1 {[%mdl 4] outshines the older 8...Ne7.} 9. e4 a5 {E62: King's Indian: Fianchetto: 6...c6 and Panno Variation (6...Nc6) without ...a6.} 10. Ne1 Na6 11. Nd3 Nd7 {The position is equal.} 12. Be3 Ndc5 13. Nxc5 Nxc5 {[#]} 14. Rc1 $146 ({Predecessor:} 14. Qd2 f5 15. exf5 gxf5 16. f4 e4 17. Bd4 Bd7 18. Bxg7 Kxg7 19. Qd4+ Qf6 20. Qxf6+ Kxf6 {1-0 (50) Svidler,P (2753)-Yu,Y (2759) Shenzhen 2018}) 14... b6 15. f4 exf4 16. Bxf4 Qe7 17. Qd2 Bd7 18. Rce1 Rae8 19. b3 Bc8 20. Nd1 Nd7 {[%cal Bc5d7,Bd7e5,Be5d3][%mdl 32]} 21. Nf2 Ne5 22. Nd3 Nxd3 23. Qxd3 f5 24. Qd2 Qf6 25. Be3 Qc3 26. exf5 $2 {[%mdl 8192] [#]} (26. Rf2 $15) 26... Rxe3 $1 {[%mdl 512] White got outplayed after the opening. Accuracy: White = 67%, Black = 90%.} 0-1

[Event "WSTCC-65 2020"]
[Site "Prague"]
[Date "2020.03.08"]
[Round "3.13"]
[White "Horvath, Tamas I"]
[Black "Balashov, Yuri S"]
[Result "0-1"]
[WhiteElo "2318"]
[BlackElo "2465"]
[Annotator "TA"]
[PlyCount "94"]
[EventDate "2020.03.06"]
[EventType "team-tourn"]
[EventCountry "CZE"]
[SourceTitle "playchess.com"]
[Source "ChessBase"]
[SourceQuality "1"]

{[%evp 14,93,18,-5,-9,-7,0,0,12,-45,-55,-43,-58,-54,-37,-77,-74,-71,-81,-88,-80,-91,-95,-110,-95,-112,-86,-99,-86,-115,-88,-94,-86,-86,-86,-106,-88,-89,-87,-98,-85,-92,-51,-51,-39,-32,-35,-41,-29,-141,-42,-86,-8,-8,0,0,0,-90,-87,-78,-90,-70,0,-69,0,-156,-120,-216,-195,-568,-57,-68,0,0,0,-29996,-29997,-29997,-29998,-29998,-29999,-29999]} 1. e4 e5 2. Nf3 Nc6 3. Bb5 a6 4. Ba4 Nf6 5. O-O Be7 6. Nc3 b5 7. Bb3 d6 8. h3 Na5 {C84: Closed Ruy Lopez: Unusual White 6th moves.} 9. Re1 c5 {Black wants to play ...c4.} 10. d3 {[#]} Bb7 $146 {The position is equal.} ({Predecessor:} 10... Bd7 11. Bd5 Nc6 12. a3 Rc8 13. Ba2 O-O 14. Nd5 Nxd5 15. Bxd5 Nd4 16. c3 Nxf3+ 17. Qxf3 Bc6 18. Bxc6 Rxc6 19. Be3 Bg5 20. Rad1 Bxe3 21. Rxe3 Rc7 {½-½ (21) Wojcik,W (2282)-Reichgeld,M (2246) ICCF email 2018}) 11. Ne2 ({White should play} 11. Bd5 $11) 11... c4 $15 12. dxc4 Nxb3 (12... bxc4 $6 13. Ba4+ Nc6 14. Ng3 $14) 13. axb3 Nxe4 14. Ng3 Nxg3 15. fxg3 O-O 16. Be3 Qc7 17. cxb5 axb5 18. Rxa8 Rxa8 19. c3 f6 20. Kh2 Bc6 21. Bf2 Qb7 22. g4 Bd5 23. b4 Ra2 24. Re2 Bf7 ({Of course not} 24... Bxf3 $6 25. gxf3 Qxf3 26. Qb3+ Kf8 27. Qxa2 $11) 25. Bg3 Qd5 26. Qe1 Bf8 27. Nh4 h5 28. Rd2 Qe6 29. gxh5 Bxh5 30. Qf1 Be8 31. Nf5 {[#]} (31. Qb1 $11 {remains equal.}) 31... Bc6 (31... g6 $1 $17 {[%cal Rg6f5]} 32. Ne3 Bh6) 32. Rf2 Be4 (32... Qd5 $17) 33. Qxb5 $11 Ra1 34. Nh4 $1 d5 35. Qe2 {[#]} (35. Nf3 $11 {keeps the balance.}) 35... f5 $1 $17 {[%cal Rf5f4] And now ...f4 would win.} 36. Nf3 f4 37. Bh4 Bxf3 ({Black should try} 37... Qh6 $15 38. Bd8 Bxf3 39. gxf3 Qg6) 38. gxf3 (38. Rxf3 $11 e4 39. Rxf4) 38... e4 (38... Qh6 $15 39. Qxe5 Qxh4 40. Qxd5+ Kh7) 39. Bg5 $2 (39. Rg2 $11) 39... Qf5 {[%mdl 1024] Black has strong compensation.} 40. h4 (40. Rg2 $17) 40... Bd6 $19 41. Qb5 $2 (41. Qc2 {is more resistant.}) 41... Kh7 $2 (41... exf3 $19 42. Qe8+ Bf8) 42. Qe8 $15 Qg4 ({Better is} 42... e3 $15 43. Rg2 Rf1 44. Qh5+ Kg8 45. Qe8+ Kh7 46. Qh5+ Kg8 47. Qe8+ Kh7) 43. Rg2 $11 (43. fxg4 {leads to mate.} f3+ 44. Qe5 Bxe5+ 45. Bf4 Bxf4+ 46. Kh3 Rh1+ 47. Rh2 Rxh2#) 43... Qxf3 $40 {[%mdl 128] ( -> ...Rh1+!). White needs to defend precisely.} 44. Be7 $2 {[%mdl 8192] [#]} (44. Qd7 $11) 44... Rh1+ $1 {[%mdl 576] Decoy. Black mates.} 45. Kxh1 Qf1+ 46. Kh2 f3+ {[%mdl 64] Discovered Attack} 47. Rg3 Qg2# $1 {[%mdl 64] Pin. Accuracy: White = 58%, Black = 64%.} 0-1

[Event "WSTCC-65 2020"]
[Site "Prague"]
[Date "2020.03.08"]
[Round "3.14"]
[White "Sveshnikov, Evgeny"]
[Black "Hardicsay, Peter"]
[Result "1-0"]
[WhiteElo "2470"]
[BlackElo "2203"]
[Annotator "TA"]
[PlyCount "65"]
[EventDate "2020.03.06"]
[EventType "team-tourn"]
[EventCountry "CZE"]
[SourceTitle "playchess.com"]
[Source "ChessBase"]
[SourceQuality "1"]

{[%evp 11,65,18,23,17,55,51,50,55,68,69,92,73,73,73,71,70,72,70,68,55,58,41,42,39,40,37,31,20,27,0,0,0,21,0,66,50,86,50,49,54,204,46,102,52,58,45,198,33,358,319,370,400,378,366,1418,1404]} 1. e4 c6 2. d4 d5 3. exd5 cxd5 4. Nf3 Nc6 5. c4 Nf6 6. Nc3 Be6 7. c5 {B13: Caro-Kann: Exchange Variation and Panov-Botvinnik Attack.} Ne4 8. Bb5 {[#]} Nxc3 $146 ({Predecessor:} 8... Rc8 9. Qa4 Nxc3 10. bxc3 Bd7 11. Bxc6 Bxc6 12. Qxa7 Ra8 13. Qb6 Qxb6 14. cxb6 Ra6 {0-1 (41) Salazar Navas,J (1766)-Garcia Lopez,N (2012) Sant Adria 2014}) 9. bxc3 {White is slightly better.} Bd7 10. O-O e6 11. Bxc6 Bxc6 12. Ne5 Be7 13. Nxc6 bxc6 14. Qa4 Qd7 15. Rb1 O-O 16. Qa6 e5 17. Be3 exd4 18. Bxd4 Rfb8 19. Rb3 Re8 20. Rb7 Qc8 $1 21. Rfb1 Bf8 {[#] And now ...Re7 would win.} 22. h3 h6 (22... Re7 $1 $11 23. Kh2 Rc7) 23. Qd3 $14 Re1+ 24. Kh2 Rxb1 25. Qxb1 Qe6 (25... g6 $14) 26. Qd3 $2 {[#]} (26. Rb8 $18 Rxb8 27. Qxb8) 26... a5 (26... Qc8 $14 27. Qb1 g6) 27. a4 Qc8 28. Qb1 Qe6 $2 (28... g6 $14) 29. Qb6 $2 (29. Rb8 $18 Rxb8 30. Qxb8) 29... Re8 $2 {[%mdl 8192]} (29... Be7 $1 $14) 30. Qxa5 $18 Qf5 31. Qc7 Rc8 32. Qg3 Ra8 $2 (32... Qg5 33. Qxg5 hxg5) 33. Rb8 {Accuracy: White = 67%, Black = 50%.} 1-0

[Event "WSTCC-65 2020"]
[Site "Prague"]
[Date "2020.03.08"]
[Round "3.15"]
[White "Dory, Jeno"]
[Black "Kalegin, Evgenij"]
[Result "1-0"]
[WhiteElo "2170"]
[BlackElo "2431"]
[Annotator "TA"]
[PlyCount "85"]
[EventDate "2020.03.06"]
[EventType "team-tourn"]
[EventCountry "CZE"]
[SourceTitle "playchess.com"]
[Source "ChessBase"]
[SourceQuality "1"]

{[%evp 20,85,12,7,0,0,4,0,10,3,71,68,61,78,65,43,84,78,90,85,64,73,107,114,123,118,183,199,756,760,860,870,871,868,806,779,2140,1993,2824,1204,1275,1270,1129,1185,1221,1193,1128,1128,1020,774,995,1015,998,988,977,957,1035,1037,875,703,29982,29983,29981,29983,29986,29987,29985,29986]} 1. e4 c5 2. Nf3 e6 3. c3 Nf6 4. e5 Nd5 5. d4 cxd4 6. cxd4 d6 7. Bc4 Be7 8. O-O O-O 9. Bd2 Nc6 10. Nc3 dxe5 11. dxe5 Nxc3 {B22: Sicilian: 2 c3.} 12. Bxc3 b6 13. Qe2 Bb7 {The position is equal.} 14. Bd3 {[#]} Bc5 $146 (14... Qc7 $11 {keeps the balance.}) ({Predecessor:} 14... Bb4 15. Bxh7+ Kxh7 16. Qe4+ Kg8 17. Bxb4 Nxb4 18. Qxb7 Qd5 19. Qxd5 Nxd5 20. Rfd1 Rac8 {½-½ (62) Ivanchuk,V (2751)-Carlsen,M (2733) Nice 2008}) 15. Rad1 {Threatens to win with Bxh7+!} Qe7 $1 16. a3 $36 {[%mdl 2048] White has strong initiative.} a5 17. h4 (17. Bd2 {is more complex.} Nd4 18. Nxd4 Bxd4 19. Bxh7+ Kxh7 20. Qd3+) 17... g6 18. Bd2 Qc7 19. Rc1 {aiming for b4!} a4 20. Bg5 Be7 {Black is on the road to losing.} 21. Rfe1 Rfd8 22. Be4 {Hoping for Bxe7.} Rac8 (22... Bxg5 $16 23. Nxg5 (23. hxg5 Qd7 $16) 23... Rac8) 23. Qe3 $1 $18 Bc5 $2 (23... Qd7 24. h5 (24. Qxb6 Bxg5 25. Nxg5 Ba8 $16) 24... Na5) 24. Rxc5 {Black must now prevent Bf6!} bxc5 {[#]} 25. Bf6 $1 {Intending Qh6 and mate.} Kf8 26. Qh6+ {[%mdl 64] Double Attack} Ke8 27. Qxh7 {White wants to mate with Qg8+.} Ne7 28. Ng5 Nd5 29. Qg8+ (29. Bd3 $142 c4 {[#]} 30. Bxc4 $1 {[%mdl 512]}) 29... Kd7 30. Qxf7+ {[%mdl 64] Double Attack} Kc6 31. Qxe6+ Kb5 32. Bxd8 Rxd8 33. Nf7 Qa5 34. Rd1 Nf4 35. Qg4 Rxd1+ 36. Qxd1 Bxe4 37. Nd6+ {[%mdl 64] Double Attack} Kc6 38. Nxe4 {And now Qd6+ would win.} Nd5 39. Nf6 Nb6 40. e6 {White mates.} Qa7 41. Qd8 Qa5 42. e7 Qe1+ 43. Kh2 {Accuracy: White = 90%, Black = 50%.} 1-0

[Event "WSTCC-65 2020"]
[Site "Prague"]
[Date "2020.03.08"]
[Round "3.16"]
[White "Zhelnin, Vladimir V"]
[Black "Boguszlavszkij, Jevgenyij"]
[Result "1-0"]
[WhiteElo "2404"]
[BlackElo "2155"]
[Annotator "TA"]
[PlyCount "131"]
[EventDate "2020.03.06"]
[EventType "team-tourn"]
[EventCountry "CZE"]
[SourceTitle "playchess.com"]
[Source "ChessBase"]
[SourceQuality "1"]

{[%evp 16,131,72,68,81,-30,64,72,72,72,71,60,105,89,96,110,98,39,59,13,13,22,10,12,10,11,35,28,27,22,50,49,58,65,64,60,56,28,43,40,39,46,50,14,42,-89,-88,-87,-95,-97,-105,-98,-95,-81,-89,-63,-65,-86,-62,-73,-43,-52,-11,-14,14,6,55,43,67,64,66,58,70,69,84,89,92,75,69,69,81,54,83,84,83,68,77,84,114,126,141,141,138,131,583,536,523,204,29971,29971,29972,29973,29973,29974,29974,29975,29975,29976,29976,29976,29976,29977,29977,29978,29977,29978,29962,29949]} 1. e4 g6 2. d4 c6 3. Nf3 Bg7 4. h3 d5 5. Nbd2 Nh6 6. Bd3 f6 7. O-O Nf7 8. Re1 O-O 9. c4 e6 {B12: Caro-Kann: Advance Variation.} 10. Nf1 {[#]} ({White should play} 10. b4 $16) 10... Na6 $146 (10... dxe4 $1 $11 11. Bxe4 (11. Rxe4 f5 $15) 11... Nd7) ({Predecessor:} 10... dxe4 11. Bxe4 e5 12. dxe5 Qxd1 13. Rxd1 f5 14. Bc2 Re8 15. c5 Na6 16. Be3 Nc7 17. Bb3 {0-1 (53) Evelev,V (2220)-Drozdov,I (2440) Moscow 1998}) 11. exd5 $14 exd5 {White is better.} 12. cxd5 cxd5 13. Bd2 Kh8 14. Qb3 Ng5 15. Bxg5 fxg5 16. Ne5 (16. Bxa6 $16 {Be2 is the strong threat.} bxa6 17. Ne5) 16... Nc7 17. Ne3 Ne6 18. Qxd5 Qxd5 19. Nxd5 Nxd4 20. Rad1 Nc6 21. Nxc6 bxc6 22. Ne7 Bd4 23. Re2 c5 24. Nc6 Bf6 25. Rc1 Bb7 26. Na5 Bd5 27. Rxc5 Rad8 28. Bc4 Ba8 29. Bb3 (29. Nc6 $5 {[%cal Rc6d8]} Rd1+ 30. Kh2 $14) 29... Bd4 (29... Rfe8 $5 {[%cal Re8e2]} 30. Rcc2 Be4 $14) 30. Rxg5 {[#]} (30. Rc1 $14 {stays ahead.}) 30... Rxf2 $1 $17 31. Rxf2 {And now Rg4 would win.} Rf8 $1 {[%cal Rf8f2][%mdl 64] Pin} 32. Rg4 Bxf2+ 33. Kh2 {[#]} Bb6 $1 {[%cal Rb6c7][%mdl 1024] Black has strong compensation.} 34. Nc4 Bc7+ 35. Kg1 Bf4 $1 36. g3 Bc7 37. Bd1 Bd5 {Threatens to win with ...Bxc4.} 38. Be2 Be6 39. Re4 Bf5 40. Re3 a6 ({Avoid the trap} 40... Bxh3 $2 41. g4 $18) 41. Kg2 Bb8 42. Bf3 Ba7 43. Ra3 Rf6 44. g4 Bd7 45. Rd3 Bb5 46. Rd8+ Kg7 47. b3 {[%cal Bb2b3,Bb3b4][%mdl 32]} Bc5 48. Rc8 Bd4 49. a4 Bxc4 50. Rxc4 $16 {[%mdl 4096] Endgame KRB-KRB} Bb6 51. b4 Rd6 52. a5 Rd2+ 53. Kg3 Bf2+ 54. Kf4 Rd4+ $2 {[%mdl 8192] Black cannot hold the game after this.} (54... Rd7 $16 {is tougher.} 55. Rc6 Rd4+ 56. Ke5 Rxb4) 55. Rxd4 $18 Bxd4 {KB-KB} 56. Ke4 $2 (56. Be2 Bc3 57. b5 (57. Bxa6 Bxb4 58. Ke4 Bxa5 $11) 57... axb5 58. a6 (58. Bxb5 Bxa5 59. h4 Bd2+ 60. Kf3 Kf6 $11)) 56... Bc3 $2 {[#]} (56... Bf2 $18 57. Kd3 Kf6) 57. b5 $1 {[%cal Rb5a6][%mdl 512] White mates.} Bxa5 (57... axb5 58. a6) 58. bxa6 Bb6 59. g5 Kf7 60. Kd5 Be3 61. Kd6 Bf2 62. Kd7 Be3 63. Bd5+ Kf8 64. h4 Bf2 65. Kc7 Ke7 66. Bg8 {Accuracy: White = 73%, Black = 67%.} 1-0